AC Carpi Squad 2015-2016 - Statistics

General Stats
  • This quiz has been taken 6 times
  • The average score is 7 of 40
Answer Stats
# Position Nation Player % Correct
15 FW Italy Kevin Lasagna
80%
11 FW Italy Antonio Di Gaudio
60%
- Coach Italy Fabrizio Castori
60%
99 FW Nigeria Jerry Mbakogu
60%
7 FW Brazil Ryder Matos
60%
1 GK Serbia Željko Brkić
60%
7 MF Italy Filippo Porcari
40%
34 DF Brazil Gabriel Silva
40%
4 MF Ghana Isaac Cofie
40%
20 MF Italy Lorenzo Lollo
40%
3 DF Italy Gaetano Letizia
20%
16 MF Netherlands Jonathan de Guzmán
20%
39 DF Italy Luca Marrone
20%
12 FW Italy Marco Borriello
20%
58 MF Switzerland Matteo Fedele
20%
25 FW Italy Matteo Mancosu
20%
33 DF Argentina Nicolás Spolli
20%
6 DF Sweden Riccardo Gagliolo
20%
10 MF Italy Simone Verdi
20%
27 GK Slovenia Vid Belec
20%
10 MF Italy Andrea Lazzari
0%
5 DF Italy Cristian Zaccardo
0%
14 MF France Eddy Gnahoré
0%
23 DF Italy Emanuele Suagher
0%
36 DF Switzerland Fabio Daprelà
0%
13 DF Italy Fabrizio Poli
0%
14 MF Uruguay Federico Gino
0%
22 GK Italy Francesco Benussi
0%
94 MF Argentina Gaspar Iñíguez
0%
- Coach Italy Giuseppe Sannino
0%
18 DF Croatia Igor Bubnjić
0%
9 FW Poland Kamil Wilczek
0%
19 MF Italy Lorenzo Pasciuti
0%
17 MF Italy Marco Crimi
0%
8 MF Italy Raffaele Bianco
0%
29 MF Brazil Raphael Martinho
0%
91 GK Italy Simone Colombi
0%
21 DF Italy Simone Romagnoli
0%
2 DF Italy Stefano Sabelli
0%
2 DF Brazil Wallace Oliveira
0%
No matching quizzes found
Score Distribution
Percent of People with Each Score
Percentile by Number Answered
Your Score History
You have not taken this quiz